00401nam a22001457a 4500003001100000005001700011008004100028040003900069041000800108082001300116100001800129245004600147260005200193650001000245LK-CoMWRAF20230928231454.0230928b |||||||| |||| 00| 0 eng d aLK-CoMWRAFdLK-CoMWRAFeLK-CoMWRAF aeng a297bLLA aLlah, Baha'U' aThe Kitab-I-Iqan :bThe book of certitude aU. S. A. :bNational spiritual assembly, c1931 aIslam